000 00519nam a2200181Ia 4500
008 240925s9999 xx 000 0 und d
020 _a9788126518333
082 _a621.3824 SAU
100 _aSaunders ,Simon R.
245 0 _aAntennas and Propagation for Wireless Communication Systems
250 _a2nd
260 _aNew Delhi:
_bJohn Wiley & Sons
_c,2007.
300 _axxxiii,942p.
_bN.A
_fOriginal
500 _aIncludes Index
600 _aTelecommunication Engineering
650 _aTechnology
942 _cBK
999 _c10747
_d10747